Quiz Limousin - Statistiques

Statistiques générales
  • Ce quiz a été pris 18 fois
  • Le résultat moyen est 15 sur 34
Réponses sur la Carte
Les réponses sont colorées sur une échelle allant du rouge au vert en fonction du pourcentage des utilisateurs qui les ont devinées à leur premier essai. Vous pouvez retrouver ces pourcentages ci-dessous.
 
Statistiques - réponses
Réponse % Correct
Corrèze
100%
Corrèze
100%
Creuse
100%
Creuse
100%
Haute Vienne
92%
Limoges
92%
Brive la Gaillarde
83%
Guéret
83%
plateau de Millevaches
83%
Tulle
83%
Aubusson
75%
La Souterraine
75%
Ussel
75%
Vienne
75%
Dordogne
67%
Bellac
58%
Rochechouart
42%
Xaintrie
33%
Gartempe
25%
Marche
25%
Vézère
25%
monts d'Ambazac
17%
Briance
8%
Taurion
8%
Uzerches
8%
Combraille
0%
Luzège
0%
Monédières
0%
monts de Blond
0%
monts de Chalus
0%
Petite creuse
0%
plateau de Gentioux
0%
Triouzoune
0%
Vincou
0%
Aucun quiz correspondant
Distribution des résultats
% des personnes avec chaque résultat
Percentile par nombre de réponses
Votre historique - résultats
Vous n’avez pas pris ce quiz